000 01901nam0a22003731 4500
001 rc\2991039
005 20250806202743.0
035 _a(NLR Aleph) 007215535
090 _a71291
_c71291
100 _a20110915d1945 u y0rusy50 ca
101 0 _arus
102 _aRU
105 _aac z |||||
200 1 _aЧарльз Спенсер Чаплин
_e[Сборник материалов, посвящ. амер. киноактеру]
_fСост. П. Аташева, Ш. Ахушков
210 _aМосква
_cГоскиноиздат
_d1945
_gтип. "Кр. пролетарий"
215 _a207 с.
_cил., портр.
_d23 см
225 1 _aМатериалы по истории мирового киноискусства
_fПод ред. д-ра искусствовед. наук проф. С.М. Эйзенштейна и д-ра искусствовед. наук проф. С.И. Юткевича
_vТ. 2
_aАмериканская кинематография
300 _aСоставители на переплете не указаны
300 _aНа переплете загл.: Чаплин
320 _aФильмография: с. 197-205
517 0 0 _aЧаплин
600 1 _aЧаплин
_bЧ.С.
_f1889-1977
_gЧарльз Спенсер
700 1 _aАташева
_bП. М.
_cжурналист, кинокритик, режиссёр
_f1900-1965
_gПера Моисеевна
_3RU\NLR\AUTH\770207067
701 1 _aАхушков
_bШ.
_gШамиль
702 1 _aЭйзенштейн
_bС. М.
_f1898-1948
_gСергей Михайлович
_3RU\NLR\auth\7773850
_4340
702 1 _aЮткевич
_bС.И.
_4340
801 0 _aRU
_bNLR
_gpsbo
801 1 _aRU
_bELAR
_2rusmarc
852 _aNLR
_jИс70 Г-5/12
942 _cBOOK
945 _aРоссийская национальная библиотека
980 _aNB
980 _aBV